Statistiques concernant Pays produisant le plus de soja

Cliquez ici pour prendre le quiz!

Statistiques générales

  • Ce quiz a été pris 57 fois
  • Le résultat moyen est 13 sur 20

Statistiques - réponses

1000 tonnespays% Correct
11 966Chine
100%
158 339Etats-Unis
100%
96 297Brésil
96%
58 799Argentine
92%
14 008Inde
91%
509Mexique
91%
339France
89%
3135Russie
85%
5827Canada
83%
968Indonésie
81%
1081Italie
66%
4277Ukraine
53%
742Afrique du Sud
47%
3205Bolivie
40%
9163Paraguay
34%
263Roumanie
34%
2208Uruguay
34%
588Nigeria
19%
348Corée du Nord
13%
576Serbie
4%

Distribution des résultats

Percentile par nombre de réponses

% des personnes avec chaque résultat

Votre développement - résultats

Vous n’avez pas pris ce quiz